000
00264nam a2200109Ia 4500
008
221009s9999 xx 000 0 und d
082
_a
610KUM
100
_a
Rajeev Kumar
_9
22463
245
2
_a
A Self Guide To Acupressure
260
_b
Calvin Publishing
942
_c
BK
999
_c
64898
_d
64898